000 00558nam a2200193 i 4500
001 52567
003 ES-MaACL
005 20260610142458.0
007 t|
008 030901s1929 sp ||||1| spa d
100 1 _aCheng, Tcheng.
_938339
245 1 0 _aMi madre /
_cTcheng Cheng ; prólogo de Paul Valery ; traducción de L.G. Gorkin.
260 _aMadrid :
_b[s.n.],
_c1929 (
_fArgis)
300 _a204 p. ;
_c19 cm.
700 1 _aValéry, Paul,
_d1871-1945
_9243197
700 1 _aGorkin, L. G.
_959189
852 _aES-MaACL
_jB-50
999 _c52567
_d52567